| 000 | 00346nam a22001217a 4500 | ||
|---|---|---|---|
| 082 | _a220 PRO | ||
| 100 |
_aAFFAN,OVAIS,NAYAB _971908 |
||
| 245 | _aPR-SOF-1385-DESIGN ANALYSIS AND FABRICATION OF A VTOL BICOPTER UAV- | ||
| 260 |
_aISLAMABAD _bNSUT COLLEGE OF EME _c2014 |
||
| 650 | _a DE-MECH-32 | ||
| 700 |
_aSAIFULLAH KHALID _912664 |
||
| 942 | _cCR | ||
| 999 |
_c578177 _d578177 |
||